Korean Drama from SBS that I've Watched Quiz Stats

 Plays Quiz not verified by Sporcle

Support Sporcle.
Go Orange.
Score 0/22 Timer 15:00
0 Plays Today
Title % Correct
Heirs
82.4%
My love from the star
76.5%
Doctors
76.5%
While You Were Sleeping
70.6%
Pinocchio
64.7%
Yong Pal
52.9%
You're beautiful
35.3%
Master's sun
35.3%
Suspicious partner
35.3%
Birth of Beauty
35.3%
Jealousy Incarnate
35.3%
Title % Correct
To the beautiful you
23.5%
The Entertainer
23.5%
Thirty but Seventeen
17.6%
Beautiful Gong Shim
11.8%
You're All Surrounded
11.8%
That Winter, The Wind Blows
11.8%
The Time We were not in Love
5.9%
Brilliant Legacy
5.9%
Wok of Love
5.9%
The Girl who See Smells
0%
Gangnam Scandal
0%

You're not logged in!

Compare scores with friends on all Sporcle quizzes.
OR
Log In

From the Vault

Gimme Five: US Cities & States

by MSUKent

We won't accept more or less than 5, it's just our policy.
Remove Ads.
Support Sporcle.
Get the best of Sporcle when you Go Orange. This ad-free experience offers more features, more stats, and more fun while also helping to support Sporcle. Thank you for becoming a member.

Show Comments

Extras

Created Feb 24, 2020ReportNominate
Tags:Ive, K-drama, sbs, Watched

Top Quizzes Today


Score Distribution

Your Account Isn't Verified!

In order to create a playlist on Sporcle, you need to verify the email address you used during registration. Go to your Sporcle Settings to finish the process.

Report this User

Report this user for behavior that violates our Community Guidelines.

Details: